000 00719nam a2200205Ia 4500
003 GCL
008 140319s9999 xx 000 0 ara d
040 _aGCL /
_cGCL
082 0 4 _a810.6
_bص ج
100 1 _aصبرى حافظ
245 1 0 _aجدل الرؤى المتغايرة: دراسات ومتابعات لندوات الادب وقضايا العقل العربى /
_cصبرى حافظ
260 _a[S.N] :
_bالهيئة المصرية العامة للكتاب ،
_c1993
300 _a368 ص
490 _aدراسات ادبية
_v0
650 0 4 _aالادب العربى
650 0 4 _aندوات
650 0 4 _aالمقالات والمحاضرات
650 0 4 _aتاريخ ونقد
942 _2ddc
_cBK
999 _c28864
_d28864